Anatomía del Cuerpo Humano. Funcional y Quirúrgica. (Registro nro. 801)

Detalles MARC
000 -LEADER
fixed length control field 01139 am a2200313 a 4500
005 - FECHA ULTIMA MODIFICACION
control field 20240529133800.0
008 - CAMPO DE CONTROL (LIBRO)
fixed length control field 110328s1980||||ag a f |||| 001 0 spa d
020 ## - INTERNATIONAL STANDARD BOOK NUMBER
ISBN S/N
041 ## - CODIGO DE IDIOMA
Código de idioma del texto/pista de sonido o título separado spa
092 ## - SIGNATURA TOPOGRAFICA DEWEY LOCAL
número de clasificación 611
libristica 10
sección CAS
100 1# - ENTRADA PRINCIPAL--NOMBRE PERSONAL
Nombre personal Casiraghi, Juan Carlos
9 (RLIN) 671
245 ## - TITULO PROPIAMENTE DICHO
Título Anatomía del Cuerpo Humano. Funcional y Quirúrgica.
Subtítulo y Título paralelo T.3 Regiones de la cabeza. Cuello y Tórax. Organos de los sentidos /
Mención de responsabilidad y remanente de la transcripción de la portada Juan Carlos Casiraghi
250 ## - MENCION DE EDICION
Mención de edición 1a ed.
260 ## - PIE DE IMPRENTA
Lugar de publicación, distribución, etc Buenos Aires:
Nombre de la editorial, distribuidor, etc Alboazul;
Fecha de publicación 1980.
300 ## - DESCRIPCION FISICA
Extension 206 p.
Otros detalles físicos il.
500 ## - NOTA GENERAL
Nota general Casiraghi, J. C. et al. (1980). Anatomía del Cuerpo Humano. Funcional y Quirúrgica. T.3 Regiones de la cabeza, Cuello y Tórax.Órganos de los sentidos. (1a ed.). Buenos Aires : Alboazul.
590 ## - NOTAS LOCALES (RLIN)
Nota local Donación de Mariela Ruocco, Feb. 2011.
653 ## - TÉRMINO INDIZADO - PALABRAS CLAVES
Palabra clave Regiones de la cabeza
653 ## - TÉRMINO INDIZADO - PALABRAS CLAVES
Palabra clave Cuello
653 ## - TÉRMINO INDIZADO - PALABRAS CLAVES
Palabra clave Tórax
653 ## - TÉRMINO INDIZADO - PALABRAS CLAVES
Palabra clave Órganos de los sentidos
700 1# - ENTRADAS SECUNDARIAS - NOMBRE PERSONAL
Nombre personal Brignone, Reinaldo
9 (RLIN) 3860
700 1# - ENTRADAS SECUNDARIAS - NOMBRE PERSONAL
Nombre personal Neuman, Mario
9 (RLIN) 3861
700 1# - ENTRADAS SECUNDARIAS - NOMBRE PERSONAL
Nombre personal Sibilla, Calixto
9 (RLIN) 3862
700 1# - ENTRADAS SECUNDARIAS - NOMBRE PERSONAL
Nombre personal Pessagno, Jorge H.
9 (RLIN) 3863
700 1# - ENTRADAS SECUNDARIAS - NOMBRE PERSONAL
Nombre personal Sturla, Flavio
9 (RLIN) 3864
930 ## - NUMERO DE INVENTARIO
Número de inventario 2186
942 ## - ADDED ENTRY ELEMENTS (KOHA)
Source of classification or shelving scheme Dewey Decimal Classification
Item type Libros
Existencias
Estado de retiro Existencia Fuente de clasificación Estado general No para prestamo Colección Ubicación permanente ubicación actual Sala de ubicación Fecha de adquisición Total Checkouts Número de clasificación Código de barras Date last seen Date last borrowed Número de ejemplar Price effective from Koha tipo de elemento (item) Public note Total Renewals Fuente de adquisición
    Dewey Decimal Classification     Reference Biblioteca Medicina Biblioteca Medicina Referencia 13/05/2011 8 611 10 CAS 2186 15/05/2017 12/05/2017 ej.1 13/05/2011 Reference LIBRO DE CONSULTA    
    Dewey Decimal Classification       Biblioteca Medicina Biblioteca Medicina Circulación 07/09/2011 73 611 10 CAS TR101 22/05/2026 21/05/2026 Copia 07/09/2011 Libros Fotocopia 2  
    Dewey Decimal Classification       Biblioteca Medicina Biblioteca Medicina Circulación 07/09/2011 57 611 10 CAS TR110 27/05/2024 21/05/2024 Copia 07/09/2011 Libros Fotocopia 1  
    Dewey Decimal Classification       Biblioteca Medicina Biblioteca Medicina Circulación 04/04/2014 36 611 10 CAS TR172 26/05/2026 19/05/2026 Copia 04/04/2014 Libros Donación Sofia Anderle, Abril 2014 3 Donación Sofia Anderle, Abril 2014
    Dewey Decimal Classification       Biblioteca Medicina Biblioteca Medicina Circulación 04/08/2016 10 611 10 CAS TR184 28/05/2026 21/05/2026 Copia 04/08/2016 Libros Donación Manuel Aschkar, Agosto 2016   Donación Manuel Aschkar, Agosto 2016
    Dewey Decimal Classification       Biblioteca Medicina Biblioteca Medicina Circulación 22/11/2016 5   TR186 03/06/2019 30/05/2019 copia 22/11/2016 Libros Donación Ciruzzi, Olivia. Noviembre 2016   Donación Ciruzzi, Olivia. Noviembre 2016
    Dewey Decimal Classification       Biblioteca Medicina Biblioteca Medicina Circulación 27/09/2017 4 611 10 CAS TR202 28/05/2026 21/05/2026 Copia 27/09/2017 Libros Fotocopia. Donación Belén Narez, Septiembre 2017.   Donación Belén Narez, Septiembre 2017.
    Dewey Decimal Classification       Biblioteca Medicina Biblioteca Medicina Circulación 28/02/2018 26 611 10 CAS TR204 03/04/2025 27/03/2025   28/02/2018 Libros Donación Romina Veliz, Febrero 2018. Completo 4 tomos 2 Donación Romina Veliz, Febrero 2018

UNIVERSIDAD NACIONAL DEL COMAHUE
Biblioteca de la Facultad de Ciencias Médicas
Sede Toschi: Los Arrayanes y Av. Toschi, Cipolletti  - Rio Negro
Sede Los Tordos:  Yrigoyen al 2211, Cipolletti - Rio Negro 

Teléfono: 0299 - 4774707 int 25
Contacto: biblioteca@facimed.uncoma.edu.ar
© 2011 - 2026